[Event "III TSz o Puchar Prezesa Fundacji na Rzecz Kultury Fizycznej i Sportu"]
[Site "Kolbuszowa"]
[Date "1899-12-30"]
[Round "5.5"]
[White "Bojczewski, Mateusz"]
[Black "Sobich, Stanislaw"]
[Result "0-1"]
[WhiteTitle "I+"]
[BlackTitle "I"]
[WhiteElo "1797"]
[BlackElo "1705"]

1. c4 e6 2. Nc3 b6 3. d4 Nf6 4. Nf3 Bb7 5. e3 Be7 6. Bd3 O-O 7. O-O d5 8. b3 Nbd7
9. cxd5 Nxd5 10. Nxd5 Bxd5 11. e4 Bb7 12. Bb2 c5 13. Rc1 cxd4 14. Bxd4 Nc5 15.
Bxc5 Bxc5 16. Qe2 Qf6 17. Ba6 Rab8 18. Bxb7 Rxb7 19. Rfd1 Rd8 20. e5 Qe7 21. h4
h6 22. Qe4 Rbd7 23. Rxd7 Qxd7 24. b4 Be7 25. Kf1 Qb5+ 26. Kg1 Qxb4 27. Qb7 Bc5
28. Qc7 Rf8 29. g3 Qb2 30. Rxc5 bxc5 31. Qxc5 Qxa2 32. Kg2 Qa6 33. Qe3 Qb6 34.
Qf4 a5 35. Nh2 Qb7+ 36. Kh3 Qb4 37. Qe3 Rd8 38. Ng4 Qd4 39. Qf3 h5 40. Nf6+ gxf6
41. Qxf6 Qg4+ 42. Kg2 Rd7 43. Qh6 Rd3 44. Qf6 Qf5 0-1

[Event "III TSz o Puchar Prezesa Fundacji na Rzecz Kultury Fizycznej i Sportu"]
[Site "Kolbuszowa"]
[Date "1899-12-30"]
[Round "5.6"]
[White "Kretowicz, Piotr"]
[Black "Dziewonski, Dariusz"]
[Result "1-0"]
[WhiteTitle "I"]
[BlackTitle "I"]
[WhiteElo "1768"]
[BlackElo "1707"]

1. e4 c5 2. Nf3 e6 3. d4 cxd4 4. Nxd4 a6 5. Nc3 Qc7 6. Bd3 Nf6 7. O-O d6 8. a4
b6 9. f4 Nbd7 10. Kh1 Bb7 11. Qe2 Be7 12. Bd2 O-O 13. Rae1 Nc5 14. Rf3 h6 15.
Rg3 Nxd3 16. cxd3 Qc5 17. Be3 Qh5 18. Nf3 Ng4 19. Rh3 Qa5 20. Bg1 Nf6 21. Nd4
Rac8 22. Rf1 Bc6 23. Nxc6 Rxc6 24. g4 Rfc8 25. Be3 Kf8 26. g5 hxg5 27. fxg5 Ng8
28. Qh5 Ke8 29. Qxf7+ Kd7 30. Qxg7 Qb4 31. Nd1 Qb3 32. Rhf3 Qxd3 33. Nc3 Qc4 34.
h4 b5 35. axb5 axb5 36. Qd4 b4 37. Qxc4 Rxc4 38. Na4 Rxe4 39. Nb6+ Kd8 40. Nxc8
Rxh4+ 41. Kg2 Kxc8 42. Rf8+ Bxf8 43. Rxf8+ Kd7 44. Rxg8 e5 45. Rf8 d5 46. Kg3
Rh7 47. Kg4 d4 48. Bd2 b3 49. g6 Rh2 50. Bg5 Rxb2 51. g7 Rg2+ 52. Kf5 b2 53. Rb8
Rf2+ 54. Kg6 d3 55. g8=Q d2 56. Qd8+ Kc6 57. Rb6+ Kc5 58. Be3+ Kc4 59. Bxf2 e4
60. Qd4# 1-0

[Event "III TSz o Puchar Prezesa Fundacji na Rzecz Kultury Fizycznej i Sportu"]
[Site "Kolbuszowa"]
[Date "1899-12-30"]
[Round "5.7"]
[White "Gluch, Pawel"]
[Black "Stefanski, Adam"]
[Result "1-0"]
[WhiteTitle "I"]
[BlackTitle "II+"]
[WhiteElo "1754"]
[BlackElo "1459"]

1. e4 d6 2. d4 g6 3. Nf3 Nf6 4. Nbd2 Bg7 5. Bc4 Bg4 6. Qe2 O-O 7. h3 Bxf3 8. Nxf3
c5 9. e5 Ne8 10. dxc5 dxe5 11. Nxe5 Qa5+ 12. Bd2 Qxc5 13. Bc3 Nd6 14. Bb3 Re8
15. O-O-O Nc6 16. Rxd6 Bxe5 17. Rd5 Bf4+ 18. Kb1 Qb6 19. Qf3 Bh6 20. Rb5 e6 21.
Rxb6 axb6 22. Qf6 Kf8 23. Rd1 1-0

[Event "III TSz o Puchar Prezesa Fundacji na Rzecz Kultury Fizycznej i Sportu"]
[Site "Kolbuszowa"]
[Date "1899-12-30"]
[Round "5.8"]
[White "Fic, Wieslaw"]
[Black "Socha, Kamil"]
[Result "1-0"]
[WhiteTitle "I+"]
[BlackTitle "II"]
[WhiteElo "1798"]
[BlackElo "1688"]

1. d4 Nf6 2. Nf3 g6 3. c4 Bg7 4. Nc3 O-O 5. e4 d6 6. Be2 e5 7. O-O Nc6 8. d5 Ne7
9. Ne1 Ne8 10. Be3 f5 11. f3 f4 12. Bf2 g5 13. Rc1 Ng6 14. g4 fxg3 15. hxg3 h5
16. Ng2 h4 17. g4 Nf4 18. Ne3 Rf7 19. b4 Bf8 20. Kh2 Qf6 21. Nf5 Ng7 22. Bd3 a5
23. a3 axb4 24. axb4 Ra3 25. Bb1 Bxf5 26. exf5 Qd8 27. Ne4 Be7 28. Rc3 Qa8 29.
Qc2 Bf6 30. Rd1 Ne8 31. c5 Rxc3 32. Qxc3 Qa6 33. Bd3 Qa2 34. Bc4 Qa8 35. b5 Qb8
36. Qa5 Bd8 37. b6 cxb6 38. cxb6 Nf6 39. Qa7 Qc8 40. Nxd6 Qd7 41. Nxf7 Qxf7 42.
Qb8 Qd7 43. Qxe5 Qa4 44. Qd4 Qc2 45. d6+ Kg7 46. Rd2 Qc1 47. Be3 Qe1 48. Bxf4
gxf4 49. Qxf4 Bxb6 50. Qg5+ Kh7 51. Qg6+ 1-0

[Event "III TSz o Puchar Prezesa Fundacji na Rzecz Kultury Fizycznej i Sportu"]
[Site "Kolbuszowa"]
[Date "1899-12-30"]
[Round "5.9"]
[White "Marciniak, Leonard"]
[Black "Peret, Ryszard"]
[Result "1/2-1/2"]
[WhiteTitle "II+"]
[BlackTitle "I"]
[WhiteElo "1740"]
[BlackElo "1588"]

1. d4 Nf6 2. Bg5 Ne4 3. Bf4 d5 4. e3 Bf5 5. Nd2 Nd7 6. Ngf3 e6 7. Nxe4 Bxe4 8.
Bd3 Bg6 9. c3 c5 10. Ne5 c4 11. Bxg6 hxg6 12. O-O Nxe5 13. Bxe5 f6 14. Bg3 Kf7
15. Qe2 Bd6 16. e4 Bxg3 17. fxg3 dxe4 18. Qxe4 Qb6 19. Rf2 Rad8 20. Re1 f5 21.
Qe2 Qc6 22. g4 Qd6 23. g3 b5 24. Qc2 Rh6 25. Re5 a6 26. g5 Rh3 27. Qe2 Qc6 28.
Rc5 Qb7 29. Qe5 Rd7 30. a3 Rh8 31. h4 Qb8 32. Re2 Qxe5 33. Rexe5 Rhd8 34. Kf2
Ke7 35. Ke3 Rd5 36. Rcxd5 Rxd5 37. Rxd5 exd5 38. Kf4 Ke6 39. Kf3 Kd6 40. Ke3 a5
41. Kf4 Ke6 42. Kf3 Kd6 43. Ke3 Ke7 44. Ke2 Kd6 45. Kf3 Ke7 46. Ke3 Kd6 47. Kf4
Ke6 48. g4 fxg4 49. Kxg4 Kf7 50. Kf3 Ke7 51. Ke3 Kf7 52. Kf3 Ke7 53. Kg4 Kf7 54.
Kf4 Ke6 55. Kg4 Kf7 56. h5 gxh5+ 57. Kxh5 a4 58. Kh4 g6 59. Kg4 Ke7 60. Kf4 Ke6
61. Kg4 Ke7 62. Kh4 Kf7 63. Kg4 1/2-1/2

[Event "III TSz o Puchar Prezesa Fundacji na Rzecz Kultury Fizycznej i Sportu"]
[Site "Kolbuszowa"]
[Date "1899-12-30"]
[Round "5.10"]
[White "Zieba, Hubert"]
[Black "Mirowska, Oliwia"]
[Result "1-0"]
[WhiteTitle "I"]
[BlackTitle "I++"]
[WhiteElo "1414"]
[BlackElo "1724"]

1. c4 Nf6 2. g3 g6 3. Bg2 Bg7 4. Nf3 d6 5. O-O O-O 6. Nc3 c6 7. e4 e5 8. d4 Nbd7
9. b3 Qc7 10. dxe5 dxe5 11. Bb2 Re8 12. Qc2 Nf8 13. c5 Be6 14. Rfd1 Rad8 15. Rxd8
Rxd8 16. Rd1 Bg4 17. Rxd8 Qxd8 18. Nxe5 Be6 19. Qd3 Qa5 20. Qe3 N8d7 21. Nxd7
Nxd7 22. f4 Nxc5 23. h3 Qb4 24. Kh2 Qb6 25. g4 Bc8 26. Kh1 Nd7 27. Qxb6 Nxb6 28.
Nd1 Bxb2 29. Nxb2 Kf8 30. Kg1 Ke7 31. Kf2 Be6 32. f5 Bd7 33. Ke3 h5 34. gxh5 gxf5
35. e5 Kf8 36. Kf4 Kg7 37. Kg5 Be6 38. Nd3 Nd7 39. h4 Kh7 40. Bh3 f4 41. Bxe6
fxe6 42. Nxf4 Nxe5 43. Kf6 Nf3 44. Kxe6 Nd4+ 45. Kd6 Kh6 46. Kc7 b5 47. Kd6 a5
48. Kc5 Nc2 49. Kxc6 Na3 50. Kb6 a4 51. bxa4 bxa4 52. Ka5 1-0

[Event "III TSz o Puchar Prezesa Fundacji na Rzecz Kultury Fizycznej i Sportu"]
[Site "Kolbuszowa"]
[Date "1899-12-30"]
[Round "5.11"]
[White "Mroz, Lena"]
[Black "Lenart, Jakub"]
[Result "1-0"]
[WhiteTitle "I++"]
[BlackTitle "II"]
[WhiteElo "1636"]
[BlackElo "1360"]

1. e4 c5 2. Nf3 e6 3. d4 cxd4 4. Nxd4 a6 5. Bd3 Nf6 6. O-O Nc6 7. Nxc6 bxc6 8.
e5 Nd5 9. c4 Nb6 10. Be3 Bb7 11. c5 Nd5 12. Bd4 Qa5 13. Qb3 Rb8 14. Rc1 Be7 15.
a3 O-O 16. Qc2 h6 17. b4 Qc7 18. Nc3 f6 19. Nxd5 exd5 20. Qe2 Rbe8 21. Qh5 f5
22. f4 Qd8 23. Bxf5 Rxf5 24. Qxf5 Rf8 25. Qg4 Rf7 26. Rf1 Bc8 27. f5 Bf8 28. Rae1
Qe7 29. Re3 Qe8 30. Rh3 g5 31. Rhf3 Bg7 32. Re3 Qf8 33. f6 Bh8 34. Qh5 Kh7 35.
Qe2 Qg8 36. Qd3+ Qg6 37. Qxg6+ Kxg6 38. a4 Bb7 39. e6 dxe6 40. Rxe6 h5 41. Re7
Bc8 42. Re8 Bf5 43. Rxh8 Bd3 44. Re1 Bf5 45. Re7 Rxf6 46. Rg8+ 1-0

[Event "III TSz o Puchar Prezesa Fundacji na Rzecz Kultury Fizycznej i Sportu"]
[Site "Kolbuszowa"]
[Date "1899-12-30"]
[Round "5.12"]
[White "Kusiak, Mateusz"]
[Black "Mazurek, Maja"]
[Result "1/2-1/2"]
[WhiteTitle "II"]
[BlackTitle "I"]
[WhiteElo "1472"]
[BlackElo "1231"]

1. e4 d5 2. exd5 Qxd5 3. Nc3 Qd6 4. d4 Nf6 5. Nf3 c6 6. Bd3 Bg4 7. Be3 e6 8. h3
Bh5 9. a3 Qc7 10. Qd2 Bd6 11. Ne4 Nxe4 12. Bxe4 Nd7 13. g4 Bg6 14. Ng5 Nf6 15.
Bxg6 hxg6 16. c4 O-O-O 17. c5 Bxc5 18. Qc3 Bd6 19. O-O-O Bf4 20. Bxf4 Qxf4+ 21.
Qe3 Qc7 22. Qe5 Rd7 23. Nf3 Rhd8 24. g5 Nd5 25. Kb1 Qb6 26. Rc1 Ne7 27. Qxg7 Nf5
28. Qf6 Qc7 29. Rc4 Qf4 30. Rc3 Qe4+ 31. Ka1 Rxd4 32. Rhc1 Rd1 33. Ne5 Rxc1+ 34.
Rxc1 Nd6 35. Nxf7 Nxf7 36. Qxf7 Qf5 37. Qxf5 exf5 38. Re1 Kd7 39. Ka2 Re8 40.
Rd1+ Kc7 41. Rd3 Re4 42. Rg3 Rf4 43. f3 Rd4 44. Kb3 Rd3+ 45. Kc2 Re3 46. Kd2 Rb3
47. Kc2 Re3 48. Kd2 Rb3 49. Kc2 Re3 50. Kd2 Rb3 51. Kc2 f4 1/2-1/2